[Event "Montpellier op 4th"]
[Site "Montpellier"]
[Date "2009.??.??"]
[Round "1"]
[White "Eulry, Laurent"]
[Black "Hamdouchi, Hicham"]
[Result "0-1"]
[WhiteElo "1750"]
[BlackElo "2590"]
[PlyCount "68"]
[EventDate "2009.12.26"]
[EventType "swiss"]
[EventRounds "9"]
[EventCountry "FRA"]
[SourceTitle "CBM 134 Extra"]
[Source "ChessBase"]
[SourceDate "2010.03.03"]
[SourceVersion "1"]
[SourceVersionDate "2010.03.03"]
[SourceQuality "1"]

1. c4 e5 2. g3 Nf6 3. Bg2 c6 4. d4 e4 5. Nc3 d5 6. Bg5 Be7 7. Bxf6 Bxf6 8. e3 Na6 9. cxd5 cxd5 10. Qb3 Nc7 11. f3 exf3 12. Nxf3 0-0 13. 0-0 b6 14. Ne1 Ba6 15. Nxd5 Bxf1 16. Kxf1 Nxd5 17. Bxd5 Rc8 18. Nf3 Qd7 19. e4 Rfd8 20. Rd1 Rc7 21. Kg2 Kh8 22. Rd2 h6 23. Qe3 a5 24. Bb3 a4 25. Bc2 Bxd4 26. Nxd4 Rc4 27. Nf3 Qxd2+ 28. Nxd2 Rxc2 29. Qxb6 Rdxd2+ 30. Kh3 Rxb2 31. Qc6 Rf2 32. Kg4 Rxa2 33. h4 g6 34. h5 f5+ 0-1

[Event "Cap d'Agde Avenir op"]
[Site "Cap d'Agde"]
[Date "2008.10.31"]
[Round "8"]
[White "Eulry, Laurent"]
[Black "Landes, Rene"]
[Result "1/2-1/2"]
[WhiteElo "1650"]
[BlackElo "1758"]
[PlyCount "77"]
[EventDate "2008.10.25"]
[EventType "swiss"]
[EventRounds "9"]
[EventCountry "FRA"]
[SourceTitle "EXT 2010"]
[Source "ChessBase"]
[SourceDate "2010.11.25"]
[SourceVersion "1"]
[SourceVersionDate "2010.11.25"]
[SourceQuality "1"]

1. f4 d5 2. e3 Nf6 3. Nf3 g6 4. b4 a6 5. Bb2 Bg7 6. Be2 0-0 7. 0-0 Nc6 8. a3 Bf5 9. d4 a5 10. b5 Na7 11. c4 Bxb1 12. Rxb1 c6 13. bxc6 Nxc6 14. Nd2 a4 15. Bc3 Na5 16. Bxa5 Qxa5 17. Rxb7 Qc3 18. Rxe7 Qxa3 19. c5 Rfe8 20. Nb1 Qb3 21. Qxb3 axb3 22. Rxe8+ Rxe8 23. c6 Ne4 24. c7 b2 25. Bf3 Rc8 26. Bxe4 dxe4 27. Rf2 Rxc7 28. Rxb2 Bf8 29. Kf2 Kg7 30. Nd2 f5 31. Nb3 Bd6 32. Ke2 g5 33. g3 Rb7 34. Kd1 h6 35. Kc2 Rc7+ 36. Nc5 Bxc5 37. dxc5 Rxc5+ 38. Kd2 Kg6 39. Ke2 1/2-1/2